Normal view
MARC view
Entry Topical Term
001 - CONTROL NUMBER
- control field: 39081
003 - CONTROL NUMBER IDENTIFIER
- control field: ARRUPE
005 - DATE AND TIME OF LATEST TRANSACTION
- control field: 20180129154535.0
008 - FIXED-LENGTH DATA ELEMENTS
- fixed length control field: 180129|| aca||aabn | a|a d
040 ## - CATALOGING SOURCE
- Original cataloging agency: ARRUPE
- Transcribing agency: ARRUPE
150 ## - HEADING--TOPICAL TERM
- Topical term or geographic name as entry element: Congo River Valley
- General subdivision: Discovery and exploration
670 ## - SOURCE DATA FOUND
- Source citation: Work cat.: (ARRUPE)28454: Forbath, Peter 39080, The River Congo:, 1977